000 00781nas a2200265 4500
001 BR9002255
003 BR-BrBNA
005 20231205091845.0
007 ta
008 230509b bl.|||p| |||| 00| 00por d
040 _aBR-BrBNA
_bpor
_cBiblioteca Nacional de Agricultura
041 _a(Pt)
072 _aE10; E14
100 1 _aVeiga, A.
100 1 _aCunha, A.S.
100 1 _aMueller, C.C.
245 1 _aO Plano Brasil Novo e a agricultura
650 _aPOLITICA AGRICOLA
650 _aPOLITICA ECONOMICA
650 _aPOLITICA NACIONAL
650 _aANALISE ECONOMICA
773 0 _tRevista de Economia e Sociologia Rural (Brazil)
_xISSN 0103-2003
_g(Jan-Mar 1990), v. 28(1) p. 11-46
_wBR9002255
909 _a202311
_bLúcia
_c55
_dLúcia Elande
942 _2AGRIS
_n0
_cANA
999 _c127781
_d127781